| 000 | 00595nam a2200169 a 4500 | ||
|---|---|---|---|
| 008 | 120416s1997 ||||||||||||||||| || u | ||
| 020 | _a0201548097 | ||
| 050 | _aQA 76.758 Hum | ||
| 100 | _aHumphrey, Watts S | ||
| 245 | 1 | 0 | _aIntroduction to the personal software process |
| 260 |
_aReading _bAddison-Wesley _c1997 |
||
| 300 | _axxiv, 278p.:ill | ||
| 350 | _a0.00 | ||
| 650 | 7 |
_aSOFTWARE ENGINEERING _2gnd |
|
| 650 | _aENGINEERING | ||
| 995 |
_D0.00 _FCBU-MAIN LIBRARY (Kitwe) _H1 _I19.99 _M1 _UAVAILABLE _ZMain Library Open Access Collection |
||
| 999 |
_c48049 _d48049 |
||